A Course in Monetary Economics Sequential Trade, Money, and Uncertainty

Saved in:
Bibliografiske detaljer
Hovedforfatter: Eden, Benjamin
Format: Bog
Udgivet: Wiley
Tags: Tilføj Tag
Ingen Tags, Vær først til at tagge denne postø!

MARC

LEADER 00000nam a2200000Ia 4500
005 20260515061618.0
100 |a Eden, Benjamin. 
020 |a 9780631215660 
942 |c BK 
245 |a A Course in Monetary Economics Sequential Trade, Money, and Uncertainty 
260 |b Wiley 
999 |c 72  |d 72 
952 |0 0  |1 0  |4 0  |7 0  |a ABDN  |b ABDN  |d 2026-05-15  |l 0  |p 000074  |r 2026-05-15 06:16:18  |w 2026-05-15  |y BK